00965nam a2200229 i 4500003000900000005001700009007000300026008004100029040003000070082002200100100003000122245009100152264003800243300002800281336002700309337003300336338002800369490002700397490003800424500023700462700003600699DO-SdBNP20230908085940.0ta110525s1986 dr 001 spa d aDO-SdBNPbspacBNPHUerda axxxxxbxxxxx2xxx aCamilo de Cuello, Lourdes10aCatálogo de libros dominicanos /cLourdes Camilo de Cuello, Federico Alberto Cuello  1aSanto Domingo : bTaller, c1986. a100 páginas c27 cm.  2rdacontentatextobtxt 2rdamediaasin mediaciónbn 2rdacarrieravolumenbnc1 aBiblioteca Tallerv2271 aCatalogo de libros dominicanosv6 acolaboración: Academia Dominicana de la Historia, Fundación Rodríguez Demorizi, Obras de don Emilio Demorizi, Sociedad Dominicana de Geografía, Casa de Teatro, Universidad Nacional Pedro Henríquez Ureña, otros editores. 1 aCuello, Federico Albertoeautor